L'educazione física nella scuolla : (Record no. 101381)

MARC details
000 -CABECERA
campo de control de longitud fija 00704nam a2200181 a 4500
005 - FECHA Y HORA DE LA ÚLTIMA TRANSACCIÓN
campo de control 20210223125134.0
008 - ELEMENTOS DE LONGITUD FIJA--INFORMACIÓN GENERAL
campo de control de longitud fija 030925s1960 it r 000 0 ita d
035 ## - NÚMERO DE CONTROL DEL SISTEMA
Número de control de sistema UPN01000129208
049 ## - COLECCIÓN
Colección CG
050 #4 - SIGNATURA TOPOGRÁFICA DE LA BIBLIOTECA DEL CONGRESO
Número de clasificación LB1585.5 I8
Número de documento/Ítem C6.4 1959
110 2# - ASIENTO PRINCIPAL--NOMBRE CORPORATIVO
Nombre de entidad corporativa o nombre de jurisdicción como elemento de entrada Convegno Internazionale di Cadenabbia
Fecha del congreso/reunión o de la firma de un tratado (1959 :
Sede del congreso/Lugar de la reunión Como, Italia)
245 12 - MENCIÓN DE TÍTULO
Título L'educazione física nella scuolla :
Resto del título problemi, orientamenti, documentazione.
260 ## - PUBLICACIÓN, DISTRIBUCIÓN, ETC.
Lugar de publicación, distribución, etc. Roma :
Nombre del editor, distribuidor, etc. Centro Didattico Nazionali per l'Educazione Física e Sportiva,
Fecha de publicación, distribución, etc. 1960.
300 ## - DESCRIPCIÓN FÍSICA
Extensión 258 p., [12] h. pleg.
Otras características físicas il.
440 #0 - MENCIÓN DE SERIE/ASIENTO SECUNDARIO--TÍTULO
Título 8 : educazione física e sportiva ;
Designación de volumen o secuencia 1
650 #4 - ASIENTO SECUNDARIO DE MATERIA - TERMINO TEMATICO
Término de materia o nombre geográfico como elemento de entrada EDUCACION FISICA -
Subdivisión general ESTUDIO Y ENSEÑANZA (ELEMENTAL) -
Subdivisión de forma CONGRESOS
9 (RLIN) 17832
905 ## - TIPO DE MATERIAL
Tipo de material Libro
Holdings
Estado de retiro Estado de pérdida Fuente del sistema de clasificación o colocación Estado dañado No para préstamo Código de colección Localización permanente Ubicación/localización actual Ubicación en estantería Total de préstamos Clasificación Código de barras Fecha visto por última vez Número de copia Tipo de ítem Koha
    Library of Congress Classification     Colección General Bib. Gregorio Torres Quintero Bib. Gregorio Torres Quintero Planta baja   LB1585.5 I8 C6.4 1959 44523 31/12/2020 1 Libro